[Event "95th Caplin Hastings Congress"]
[Site "Hastings"]
[Date "2019.12.29"]
[Round "2.10"]
[White "Merriman, John"]
[Black "Bagi, Mate"]
[Result "0-1"]
[WhiteElo "2219"]
[BlackElo "2469"]
[Annotator "TA"]
[PlyCount "130"]
[EventDate "2019.12.28"]
[EventType "swiss"]
[EventCountry "ENG"]
[SourceTitle "playchess.com"]
[Source "ChessBase"]
[SourceQuality "1"]

{[%evp 23,130,0,0,9,11,0,0,0,0,-41,-16,-47,-21,-197,-21,-42,-12,-28,-12,-29,-47,-39,-43,-102,0,0,19,17,14,15,19,15,131,0,0,-47,-58,-302,-330,-323,-312,-322,-199,-301,-289,-277,-307,-321,-305,-305,-475,-458,92,-470,-457,-461,-457,-412,-296,-416,-411,-535,0,-511,-499,-725,-664,-631,-725,-735,-734,-675,0,-325,0,-607,-607,-598,-584,-741,-741,-741,-736,-739,-740,-739,-2,0,0,-728,-719,-749,-681,-672,-654,-695,-667,-1166,-1132,-1225,-137,-137,-137,-137,-137,-137,-137,-1001,-951]} 1. d4 Nf6 2. c4 g6 3. f3 c5 4. d5 d6 5. Nc3 Bg7 6. e4 O-O 7. Bg5 h6 8. Be3 e6 9. Qd2 exd5 10. cxd5 Re8 11. Nge2 Nbd7 12. Ng3 h5 $1 13. Be2 {A65: Modern Benoni: 6 e4} a6 14. a4 h4 15. Nf1 {The position is equal.} Nh7 16. Ra3 (16. Bf2 f5 17. Ne3 f4 18. Nc4 Qf6 19. g3 Bh6 20. gxh4 Ne5 21. Nxe5 Qxe5 {½-½ (37) Ponomariov,R (2714)-Gelfand,B (2743) Beijing 2014}) 16... f5 $146 ({Predecessor:} 16... Rb8 17. Qc2 Ne5 18. Nd2 f5 19. f4 {½-½ (44) Akhsharumova,A (2290)-Cvitan,O (2500) New York 1987}) 17. Bh6 Bd4 18. exf5 $2 (18. Be3 $1 $11 {and White is okay.}) 18... gxf5 $2 ({Black should try} 18... h3 $1 $19 {[%cal Rh3g2]} 19. g3 g5) 19. Ne3 $11 Ne5 {aiming for ...Ng5.} 20. Kd1 $1 Qf6 21. Nc2 Bd7 22. a5 Rab8 23. g3 (23. Rb3 $15) 23... h3 (23... b5 $1 $17 {[%cal Rb5b4] White must now prevent ...b4.} 24. axb6 Bxc3 25. bxc3 Rxb6) 24. Bf4 b5 {And now ...b4 would win.} 25. axb6 $1 Rxb6 26. Nxd4 cxd4 27. Qxd4 Reb8 (27... Rxb2 $11 28. Ne4 (28. Rxa6 Rc8 $11) 28... fxe4 29. Qxb2 exf3 30. Bxa6 (30. Bxf3 Nxf3 31. Qxf6 Nxf6 $11) 30... Ng5) 28. Rxa6 (28. Bc1 $1 $16) 28... Rxb2 29. Re1 R8b4 $36 {[%mdl 2048] Black is pushing.} 30. Qe3 $2 (30. Qxe5 $1 $15 dxe5 31. Rxf6 Nxf6 32. Bxe5 Nxd5 33. Bd3 (33. Nxd5 $2 Ba4+ 34. Kc1 Rc2+ 35. Kd1 Rb1#)) 30... Ng4 31. fxg4 (31. Ra8+ Nf8 $19) 31... Rb1+ $1 32. Kd2 R4b2+ 33. Kd3 Bb5+ 34. Nxb5 Rb3+ 35. Kc4 Rb4+ $1 36. Kd3 R1b3+ $1 37. Kd2 Qb2+ 38. Kd1 Rxe3 39. Bxe3 Qb1+ 40. Bc1 Qb3+ 41. Kd2 Qxd5+ 42. Kc2 Qb3+ $1 43. Kd2 {[#]} Ng5 $1 {[%cal Rg5e4]} 44. Rf1 (44. Ra8+ $142 Kg7 45. Ra7+ Kg6 46. gxf5+ Kf6 47. Rf1 Ne4+ 48. Ke1 Rxb5 49. Bxb5 Qb4+ 50. Kd1 Qxb5 51. Rf3) 44... Ne4+ $19 45. Ke1 Rxb5 46. Bxb5 Qb4+ 47. Kd1 Qb3+ (47... Nc3+ $142 48. Kc2 Nxb5 49. Ra8+ Kh7) 48. Ke1 Qb4+ $2 (48... Qxb5 49. Ra8+ Kh7 50. Ra7+ (50. gxf5 $2 Qb4+ 51. Kd1 Qd4+ 52. Ke1 Nc3 $19) 50... Kg8 51. Ra8+ Kh7 52. Ra7+ (52. gxf5 $2 Qb4+ 53. Kd1 Qd4+ 54. Ke1 Nc3 $19) 52... Kg6 53. gxf5+ Kf6) 49. Kd1 {Bd3 is the strong threat.} Qxb5 50. Ra8+ Kg7 51. Ra7+ Kg6 52. gxf5+ Kf6 53. Rf3 Qb6 54. Be3 Qb1+ $2 (54... Qb3+ $19 55. Ke2 Qc4+ 56. Ke1 Nc3) 55. Bc1 $11 Qb6 $2 {[%mdl 8192]} (55... Qb4 $11 56. Raa3 Qd4+ 57. Kc2 Qg1) 56. Be3 $19 Qb3+ 57. Kc1 Qc3+ 58. Kd1 {Threatens to win with Bg5+!} Qd3+ 59. Kc1 Qc4+ 60. Kb1 Nc3+ 61. Ka1 Nd1 $2 (61... Qb4 $19 {[%csl Gc3][%cal Rb4b1] has better winning chances.} 62. Rf1 Na4) 62. Ra3 $17 {[#] Hoping for Rf4.} Qb4 $1 {[%csl Gd1][%cal Rb4b2][%mdl 1024] Black has strong compensation.} ({Much weaker is} 62... Nxe3 $6 63. Raxe3 Qc2 64. g4 $11) 63. Bc1 Qd4+ 64. Kb1 Qe4+ 65. Ka1 $2 {[%mdl 8192] [#]} (65. Rad3 $17 Nf2 {[%mdl 64] Pin} 66. Bb2+ Kf7 67. Rxf2 Qxd3+ 68. Kc1) 65... Qc2 $1 {[%csl LRc1,LRh2][%mdl 576] Double Attack. Accuracy: White = 34%, Black = 62%.} 0-1

[Event "95th Caplin Hastings Congress"]
[Site "Hastings"]
[Date "2019.12.29"]
[Round "2.11"]
[White "Williams, Simon K"]
[Black "Ratnesan, Ranesh"]
[Result "1-0"]
[WhiteElo "2461"]
[BlackElo "2213"]
[Annotator "ChessBase"]
[PlyCount "57"]
[EventDate "2019.12.28"]
[EventType "swiss"]
[EventCountry "ENG"]
[SourceTitle "playchess.com"]
[Source "ChessBase"]
[SourceQuality "1"]
[TimeControl "40/6600+30:3000+30"]

1. d4 {[%emt 0:09:45]} d5 {[%emt 0:09:49]} 2. c4 {[%emt 0:00:34]} c6 {[%emt 0:00:10]} 3. cxd5 {[%emt 0:00:26]} cxd5 {[%emt 0:00:12]} 4. Nc3 {[%emt 0:00:16]} Nf6 {[%emt 0:00:17]} 5. Bf4 {[%emt 0:00:25]} Nc6 {[%emt 0:00:23]} 6. e3 {[%emt 0:00:14]} Bf5 {[%emt 0:00:45]} 7. Qb3 {[%emt 0:00:38]} Na5 {[%emt 0:00:36]} 8. Qa4+ {[%emt 0:00:19]} Bd7 {[%emt 0:00:24]} 9. Qc2 {[%emt 0:00:31]} Rc8 {[%emt 0:03:04]} 10. Bd3 {[%emt 0:01:14]} e6 {[%emt 0:00:41]} 11. Nf3 {[%emt 0:00:36]} Be7 {[%emt 0:00:55]} 12. O-O {[%emt 0:00:37]} O-O {[%emt 0:01:11]} 13. Ne5 {[%emt 0:02:27]} Be8 {[%emt 0:05:56]} 14. Qe2 {[%emt 0:02:16]} a6 {[%emt 0:05:46]} 15. Qf3 {[%emt 0:10:43]} b5 {[%emt 0:11:15]} 16. Qh3 {[%emt 0:01:29]} b4 {[%emt 0:05:35]} 17. Ng4 {[%emt 0:11:22]} g6 {[%emt 0:09:46]} 18. Nh6+ {[%emt 0:03:47]} Kg7 {[%emt 0:01:44]} 19. Ne2 {[%emt 0:00:24]} Bb5 {[%emt 0:02:26]} 20. Bxb5 {[%emt 0:00:37]} axb5 {[%emt 0:00:07]} 21. Be5 {[%emt 0:07:45]} Rc2 {[%emt 0:18:38]} 22. Nf4 {[%emt 0:05:59]} Rc6 {[%emt 0:30:49]} 23. Rac1 {[%emt 0:15:02]} Kh8 {[%emt 0:06:44]} 24. Ng4 {[%emt 0:08:01]} Kg8 {[%emt 0:01:43]} 25. Nh6+ {[%emt 0:07:48]} Kh8 {[%emt 0:00:05]} 26. b3 {[%emt 0:00:09]} Rc3 {[%emt 0:01:05]} 27. Ne2 {[%emt 0:02:01]} Rxc1 {[%emt 0:00:34]} 28. Rxc1 {[%emt 0:00:04]} Bd6 {[%emt 0:01:06]} 29. Rc8 {[%emt 0:01:02]} 1-0

[Event "95th Caplin Hastings Congress"]
[Site "Hastings"]
[Date "2019.12.29"]
[Round "2.12"]
[White "Keetman, Maaike"]
[Black "Arkell, Keith C"]
[Result "0-1"]
[WhiteElo "2203"]
[BlackElo "2453"]
[Annotator "TA"]
[PlyCount "74"]
[EventDate "2019.12.28"]
[EventType "swiss"]
[EventCountry "ENG"]
[SourceTitle "playchess.com"]
[Source "ChessBase"]
[SourceQuality "1"]

{[%evp 10,73,66,71,68,58,64,41,41,42,54,48,45,46,52,48,52,42,43,24,23,6,13,14,17,27,40,37,35,34,37,33,45,34,50,31,37,0,0,0,8,8,8,-26,-26,-26,-26,-26,0,0,0,0,0,-146,-159,-142,-163,-201,-106,-108,-86,-996,-960,-29998,-29999,-29999]} 1. e4 d5 2. exd5 Qxd5 3. Nc3 Qd8 4. d4 Nf6 5. Nf3 Bg4 6. h3 Bxf3 {B01: Scandinavian Defence} 7. Qxf3 c6 8. Qd3 e6 {White is slightly better.} 9. g3 Na6 $146 ({Predecessor:} 9... Nbd7 10. Bg2 Bd6 11. O-O O-O 12. a3 Qc7 13. Rd1 Rad8 14. b3 {1-0 (45) Carlsen,M (2877)-Djukic,N (2521) Tromsoe 2014}) 10. a3 Nc7 11. Bg2 Be7 12. O-O O-O 13. Rd1 a5 14. Na4 b5 15. Nc5 Bxc5 16. dxc5 Qxd3 17. Rxd3 Ncd5 18. Bg5 h6 19. Bxf6 gxf6 20. b3 Rfb8 21. c3 Ra7 22. Re1 f5 23. f4 Kg7 24. Kf2 Kf6 25. Bxd5 cxd5 $11 {[%mdl 4096] Endgame KRR-KRR} 26. Ke3 h5 27. Kd4 Ke7 28. Ra1 Kd7 29. c4 dxc4 30. bxc4 Kc6 31. Ke5 (31. cxb5+ $11 {was the only way to keep the balance.} Rxb5 32. Ke5) 31... bxc4 $17 32. Rc3 Rb3 ({Of course not} 32... Kxc5 $6 33. Rac1 $11) 33. Rxc4 {[#]} Re3+ ({Better is} 33... Rd7 $1 $19 {Threatens to win with ...Re3+.} 34. Rg1 Rxa3) 34. Kf6 Rd7 35. a4 $2 {[%mdl 8192]} (35. Rg1 $17) 35... Rxg3 $19 {( -> ...Rg6+)} 36. Rb1 Rg6+ 37. Ke5 Rd5# {Accuracy: White = 43%, Black = 69%.} 0-1

[Event "95th Caplin Hastings Congress"]
[Site "Hastings"]
[Date "2019.12.29"]
[Round "2.13"]
[White "Flear, Glenn C"]
[Black "Fishbein, Mitch"]
[Result "1/2-1/2"]
[WhiteElo "2440"]
[BlackElo "2151"]
[Annotator "NA"]
[PlyCount "85"]
[EventDate "2019.12.28"]
[EventType "swiss"]
[EventCountry "ENG"]
[SourceTitle "playchess.com"]
[Source "ChessBase"]
[SourceQuality "1"]
[TimeControl "40/6600+30:3000+30"]

1. d4 {[%emt 0:09:33]} Nf6 {[%emt 0:09:44]} 2. c4 {[%emt 0:00:08]} e6 {[%emt 0:00:09]} 3. Nf3 {[%emt 0:00:44]} Bb4+ {[%emt 0:00:58]} 4. Nbd2 {[%emt 0:02:18]} O-O {[%emt 0:02:24]} 5. a3 {[%emt 0:04:21]} Be7 {[%emt 0:00:36]} 6. g3 {[%emt 0:02:10]} d5 {[%emt 0:03:32]} 7. Bg2 {[%emt 0:01:50]} Nbd7 {[%emt 0:05:01]} 8. O-O {[%emt 0:02:16]} c6 {[%emt 0:06:24]} 9. Qc2 {[%emt 0:01:21]} b6 {[%emt 0:11:57]} 10. e4 {[%emt 0:05:31]} Bb7 {[%emt 0:03:51]} 11. e5 {[%emt 0:07:34]} Ne8 {[%emt 0:01:17]} 12. cxd5 {[%emt 0:00:27]} exd5 {[%emt 0:15:05]} 13. Re1 {[%emt 0:01:53]} Nc7 {[%emt 0:01:29]} 14. Nf1 {[%emt 0:03:54]} Ne6 {[%emt 0:03:29]} 15. Ne3 {[%emt 0:01:57]} g6 {[%emt 0:02:13]} 16. Bh3 {[%emt 0:06:42]} c5 {[%emt 0:03:31]} 17. Ng2 {[%emt 0:02:44]} Re8 {[%emt 0:21:39]} 18. Bxe6 {[%emt 0:06:36]} fxe6 {[%emt 0:00:06]} 19. Nf4 {[%emt 0:01:12]} Nf8 {[%emt 0:00:24]} 20. h4 {[%emt 0:00:59]} Qd7 {[%emt 0:02:49]} 21. Be3 {[%emt 0:01:31]} c4 {[%emt 0:03:34]} 22. h5 {[%emt 0:11:06]} g5 {[%emt 0:02:00]} 23. Ng2 {[%emt 0:00:29]} h6 {[%emt 0:00:22]} 24. Nh2 {[%emt 0:00:29]} Bd8 {[%emt 0:01:15]} 25. Ng4 {[%emt 0:00:36]} Qh7 {[%emt 0:01:31]} 26. Qxh7+ {[%emt 0:02:32]} Kxh7 {[%emt 0:00:24]} 27. f4 {[%emt 0:01:02]} Nd7 {[%emt 0:02:12]} 28. Rf1 {[%emt 0:03:53]} Kg7 {[%emt 0:03:04]} 29. Rf2 {[%emt 0:02:26]} Be7 {[%emt 0:01:04]} 30. Raf1 {[%emt 0:09:04]} Rf8 {[%emt 0:01:04]} 31. Ne1 {[%emt 0:01:11]} c3 {[%emt 0:02:43]} 32. fxg5 {[%emt 0:04:36]} hxg5 {[%emt 0:01:16]} 33. bxc3 {[%emt 0:00:41]} Ba6 {[%emt 0:00:44]} 34. Rxf8 {[%emt 0:00:11]} Rxf8 {[%emt 0:00:57]} 35. Rxf8 {[%emt 0:00:58]} Nxf8 {[%emt 0:00:10]} 36. Kf2 {[%emt 0:01:25]} Bb5 {[%emt 0:05:16]} 37. Nh2 {[%emt 0:01:48]} Nh7 {[%emt 0:00:00]} 38. Bc1 {[%emt 0:01:43]} a5 {[%emt 0:02:08]} 39. g4 {[%emt 0:01:14]} Bc4 {[%emt 0:00:00]} 40. Nhf3 {[%emt 0:03:45]} Kh6 {[%emt 0:02:01]} 41. Nd2 {[%emt 0:54:15]} b5 {[%emt 0:07:55]} 42. Ke3 {[%emt 0:00:00]} Nf8 {[%emt 0:01:36]} 43. Nef3 {[%emt 0:08:58]} 1/2-1/2

[Event "95th Caplin Hastings Congress"]
[Site "Hastings"]
[Date "2019.12.29"]
[Round "2.14"]
[White "Hebden, Mark L"]
[Black "Thompson, Ian D"]
[Result "1-0"]
[WhiteElo "2433"]
[BlackElo "2141"]
[Annotator "NA RC"]
[PlyCount "91"]
[EventDate "2019.12.28"]
[EventType "swiss"]
[EventCountry "ENG"]
[SourceTitle "playchess.com"]
[Source "ChessBase"]
[SourceQuality "1"]
[TimeControl "40/6600+30:3000+30"]

1. d4 {[%emt 0:09:39]} d5 {[%emt 0:09:42]} 2. Nf3 {[%emt 0:01:11]} Nf6 {[%emt 0:00:14]} 3. c4 {[%emt 0:00:27]} e6 {[%emt 0:00:20]} 4. e3 {[%emt 0:00:47]} c5 {[%emt 0:03:07]} 5. cxd5 {[%emt 0:00:13]} exd5 {[%emt 0:00:12]} 6. Bb5+ {[%emt 0:00:06]} Bd7 {[%emt 0:04:52]} 7. Bxd7+ {[%emt 0:00:10]} Nbxd7 {[%emt 0:01:42]} 8. dxc5 {[%emt 0:00:08]} Bxc5 {[%emt 0:00:58]} 9. O-O {[%emt 0:00:07]} O-O {[%emt 0:00:41]} 10. Nc3 {[%emt 0:00:04]} Nb6 {[%emt 0:01:16]} 11. b3 {[%emt 0:00:09]} Qe7 {[%emt 0:05:19]} 12. Bb2 {[%emt 0:00:31]} Ba3 {[%emt 0:05:33]} 13. Bxa3 {[%emt 0:04:06]} Qxa3 {[%emt 0:00:07]} 14. Qd4 {[%emt 0:02:15]} Rfc8 {[%emt 0:13:20]} 15. Nb5 {[%emt 0:04:38]} Qc5 {[%emt 0:03:17]} 16. Qxc5 {[%emt 0:00:24]} Rxc5 {[%emt 0:00:07]} 17. Nd6 {[%emt 0:00:25]} Rc7 {[%emt 0:01:42]} 18. Rac1 {[%emt 0:01:21]} Rd7 {[%emt 0:01:43]} 19. Nf5 {[%emt 0:00:30]} g6 {[%emt 0:03:21]} 20. N5d4 {[%emt 0:07:56]} Rc8 {[%emt 0:04:11]} 21. Rxc8+ {[%emt 0:00:35]} Nxc8 {[%emt 0:00:06]} 22. Rc1 {[%emt 0:01:20]} Nd6 {[%emt 0:01:54]} 23. Kf1 {[%emt 0:02:04]} a6 {[%emt 0:03:46]} 24. Ne5 {[%emt 0:01:59]} Re7 {[%emt 0:01:16]} 25. Nd3 {[%emt 0:00:33]} Nde8 {[%emt 0:04:44]} 26. Rc8 {[%emt 0:01:59]} Rc7 {[%emt 0:02:13]} 27. Rxc7 {[%emt 0:10:13]} Nxc7 {[%emt 0:00:07]} 28. Nc5 {[%emt 0:00:06]} b6 {[%emt 0:00:24]} 29. Na4 {[%emt 0:00:11]} Nd7 {[%emt 0:01:00]} 30. Ke2 {[%emt 0:01:21]} f6 {[%emt 0:03:12]} 31. g4 {[%emt 0:02:18]} Kf7 {[%emt 0:01:49]} 32. h4 {[%emt 0:00:19]} h5 {[%emt 0:03:23]} 33. gxh5 {[%emt 0:01:25]} gxh5 {[%emt 0:00:06]} 34. Nc3 {[%emt 0:00:50]} Ne5 {[%emt 0:02:42]} 35. f4 {[%emt 0:01:47]} Ng6 {[%emt 0:02:56]} 36. Kf2 {[%emt 0:00:19]} Ne7 {[%emt 0:04:59]} 37. f5 {[%emt 0:03:00]} Ne8 {[%emt 0:00:55]} 38. Kf3 {[%emt 0:00:59]} Nd6 {[%emt 0:03:29]} 39. Kf4 {[%emt 0:00:14]} b5 {[%emt 0:03:35]} 40. a3 {[%emt 0:07:17]} Ke8 {[%emt 0:08:29]} 41. Nce2 {[%emt 1:00:49]} Ne4 {[%emt 0:51:16]} 42. Ne6 {[%emt 0:00:24]} Kd7 {[%emt 0:02:38]} 43. N2d4 {[%emt 0:01:36]} Kd6 {[%emt 0:04:39]} 44. Ng7 {[%emt 0:01:21]} Nf2 {[%emt 0:00:31]} 45. Ne8+ {[%emt 0:00:18]} Kc5 {[%emt 0:02:37]} 46. Nxf6 {[%emt 0:00:21]} 1-0

[Event "95th Caplin Hastings Congress"]
[Site "Hastings"]
[Date "2019.12.29"]
[Round "2.15"]
[White "Unnikrishnan, Midhun P"]
[Black "Lalic, Bogdan"]
[Result "1/2-1/2"]
[WhiteElo "2135"]
[BlackElo "2414"]
[Annotator "NA"]
[PlyCount "56"]
[EventDate "2019.12.28"]
[EventType "swiss"]
[EventCountry "ENG"]
[SourceTitle "playchess.com"]
[Source "ChessBase"]
[SourceQuality "1"]
[TimeControl "40/6600+30:3000+30"]

1. Nf3 {[%emt 0:12:19]} c5 {[%emt 0:09:41]} 2. c4 {[%emt 0:01:15]} Nc6 {[%emt 0:00:10]} 3. g3 {[%emt 0:00:15]} g6 {[%emt 0:00:11]} 4. Bg2 {[%emt 0:00:25]} Bg7 {[%emt 0:00:08]} 5. Nc3 {[%emt 0:00:38]} d6 {[%emt 0:00:08]} 6. O-O {[%emt 0:00:43]} Qd7 {[%emt 0:00:12]} 7. e3 {[%emt 0:03:01]} Bxc3 {[%emt 0:00:10]} 8. bxc3 {[%emt 0:02:12]} b6 {[%emt 0:00:12]} 9. e4 {[%emt 0:01:48]} Bb7 {[%emt 0:00:29]} 10. d3 {[%emt 0:03:07]} O-O-O {[%emt 0:00:38]} 11. Ne1 {[%emt 0:09:52]} f5 {[%emt 0:01:06]} 12. Nc2 {[%emt 0:07:41]} fxe4 {[%emt 0:00:37]} 13. Bxe4 {[%emt 0:04:16]} Nf6 {[%emt 0:00:38]} 14. Bg2 {[%emt 0:00:26]} Na5 {[%emt 0:06:45]} 15. Bg5 {[%emt 0:15:59]} Bxg2 {[%emt 0:00:24]} 16. Kxg2 {[%emt 0:00:05]} d5 {[%emt 0:04:36]} 17. Qf3 {[%emt 0:02:18]} Qc6 {[%emt 0:07:05]} 18. Rfe1 {[%emt 0:16:36]} dxc4 {[%emt 0:00:34]} 19. Qxc6+ {[%emt 0:02:09]} Nxc6 {[%emt 0:00:02]} 20. dxc4 {[%emt 0:00:10]} Rhf8 {[%emt 0:04:27]} 21. Re6 {[%emt 0:13:07]} Kb7 {[%emt 0:01:15]} 22. Rae1 {[%emt 0:01:19]} Rf7 {[%emt 0:00:23]} 23. R1e2 {[%emt 0:02:26]} Rd3 {[%emt 0:02:19]} 24. R2e3 {[%emt 0:01:16]} Rd2 {[%emt 0:06:13]} 25. Re2 {[%emt 0:00:51]} Rxe2 {[%emt 0:00:07]} 26. Rxe2 {[%emt 0:00:02]} Ng4 {[%emt 0:15:05]} 27. Bf4 {[%emt 0:00:32]} e5 {[%emt 0:03:01]} 28. Bg5 {[%emt 0:01:03]} h6 {[%emt 0:04:50]} 1/2-1/2

[Event "95th Caplin Hastings Congress"]
[Site "Hastings"]
[Date "2019.12.29"]
[Round "2.16"]
[White "Murphy, Conor E"]
[Black "Price, Gwilym"]
[Result "1/2-1/2"]
[WhiteElo "2407"]
[BlackElo "2110"]
[Annotator "NA"]
[PlyCount "62"]
[EventDate "2019.12.28"]
[EventType "swiss"]
[EventCountry "ENG"]
[SourceTitle "playchess.com"]
[Source "ChessBase"]
[SourceQuality "1"]
[TimeControl "40/6600+30:3000+30"]

1. e4 {[%emt 0:14:23]} d6 {[%emt 0:09:44]} 2. d4 {[%emt 0:00:30]} Nf6 {[%emt 0:00:05]} 3. Nc3 {[%emt 0:00:17]} e5 {[%emt 0:00:04]} 4. Nf3 {[%emt 0:01:04]} Nbd7 {[%emt 0:00:07]} 5. Bc4 {[%emt 0:00:47]} Be7 {[%emt 0:00:04]} 6. a4 {[%emt 0:00:44]} O-O {[%emt 0:00:41]} 7. O-O {[%emt 0:00:26]} c6 {[%emt 0:00:22]} 8. h3 {[%emt 0:00:53]} b6 {[%emt 0:02:25]} 9. Re1 {[%emt 0:02:22]} a6 {[%emt 0:04:47]} 10. Ba2 {[%emt 0:07:31]} Qc7 {[%emt 0:02:01]} 11. Qe2 {[%emt 0:06:14]} Bb7 {[%emt 0:03:31]} 12. Bd2 {[%emt 0:08:45]} b5 {[%emt 0:08:03]} 13. axb5 {[%emt 0:04:56]} axb5 {[%emt 0:03:03]} 14. b4 {[%emt 0:02:06]} Nb6 {[%emt 0:09:58]} 15. Bb3 {[%emt 0:03:43]} Nfd7 {[%emt 0:02:42]} 16. Rxa8 {[%emt 0:07:21]} Rxa8 {[%emt 0:05:39]} 17. d5 {[%emt 0:10:46]} Na4 {[%emt 0:07:55]} 18. Nxa4 {[%emt 0:11:22]} bxa4 {[%emt 0:00:12]} 19. dxc6 {[%emt 0:01:16]} Qxc6 {[%emt 0:07:34]} 20. Bd5 {[%emt 0:03:54]} Qc7 {[%emt 0:00:52]} 21. Qb5 {[%emt 0:07:00]} Bxd5 {[%emt 0:06:32]} 22. exd5 {[%emt 0:00:22]} a3 {[%emt 0:07:39]} 23. Ra1 {[%emt 0:07:29]} e4 {[%emt 0:08:10]} 24. Qc6 {[%emt 0:03:11]} Qxc6 {[%emt 0:11:19]} 25. dxc6 {[%emt 0:00:05]} Bf6 {[%emt 0:00:19]} 26. c3 {[%emt 0:04:57]} exf3 {[%emt 0:03:20]} 27. cxd7 {[%emt 0:00:05]} Kf8 {[%emt 0:01:01]} 28. Be3 {[%emt 0:04:26]} Ke7 {[%emt 0:01:05]} 29. Bb6 {[%emt 0:00:48]} Kxd7 {[%emt 0:02:12]} 30. Ba5 {[%emt 0:00:07]} Bxc3 {[%emt 0:01:01]} 31. Rxa3 {[%emt 0:00:08]} Rc8 {[%emt 0:00:17]} 1/2-1/2

[Event "95th Caplin Hastings Congress"]
[Site "Hastings"]
[Date "2019.12.29"]
[Round "2.17"]
[White "Boino, Claudio"]
[Black "Petrov, Vladimir Sergeev"]
[Result "0-1"]
[WhiteElo "2146"]
[BlackElo "2355"]
[Annotator "NA"]
[PlyCount "82"]
[EventDate "2019.12.28"]
[EventType "swiss"]
[EventCountry "ENG"]
[SourceTitle "playchess.com"]
[Source "ChessBase"]
[SourceQuality "1"]
[TimeControl "40/6600+30:3000+30"]

1. d4 {[%emt 0:09:31]} Nf6 {[%emt 0:17:51]} 2. Nf3 {[%emt 0:00:03]} e6 {[%emt 0:00:07]} 3. c4 {[%emt 0:00:08]} b6 {[%emt 0:00:10]} 4. a3 {[%emt 0:00:10]} Bb7 {[%emt 0:01:18]} 5. Nc3 {[%emt 0:00:10]} d5 {[%emt 0:00:19]} 6. cxd5 {[%emt 0:00:10]} Nxd5 {[%emt 0:00:07]} 7. Qc2 {[%emt 0:00:10]} Nd7 {[%emt 0:01:59]} 8. e4 {[%emt 0:00:14]} Nxc3 {[%emt 0:00:05]} 9. bxc3 {[%emt 0:00:06]} c5 {[%emt 0:00:12]} 10. Bf4 {[%emt 0:00:11]} cxd4 {[%emt 0:00:37]} 11. cxd4 {[%emt 0:00:08]} Rc8 {[%emt 0:00:03]} 12. Qb3 {[%emt 0:00:26]} h6 {[%emt 0:13:13]} 13. Bb5 {[%emt 0:08:13]} a6 {[%emt 0:02:05]} 14. Bd3 {[%emt 0:10:23]} g5 {[%emt 0:00:38]} 15. Bg3 {[%emt 0:09:31]} Bg7 {[%emt 0:01:47]} 16. Bd6 {[%emt 0:12:31]} Nf6 {[%emt 0:28:42]} 17. e5 {[%emt 0:06:17]} Ne4 {[%emt 0:00:29]} 18. Bxe4 {[%emt 0:04:19]} Bxe4 {[%emt 0:00:06]} 19. O-O {[%emt 0:03:07]} Bf8 {[%emt 0:04:05]} 20. Nd2 {[%emt 0:12:33]} Bc6 {[%emt 0:09:58]} 21. Qg3 {[%emt 0:02:47]} Bd5 {[%emt 0:08:46]} 22. Rac1 {[%emt 0:03:53]} f5 {[%emt 0:01:36]} 23. Qd3 {[%emt 0:05:15]} Bxd6 {[%emt 0:05:04]} 24. exd6 {[%emt 0:01:12]} O-O {[%emt 0:00:21]} 25. Rxc8 {[%emt 0:04:03]} Qxc8 {[%emt 0:00:07]} 26. Qe3 {[%emt 0:00:36]} Qc6 {[%emt 0:05:16]} 27. Qe5 {[%emt 0:03:16]} Kf7 {[%emt 0:00:07]} 28. Nf3 {[%emt 0:04:14]} Rd8 {[%emt 0:03:15]} 29. Qe3 {[%emt 0:01:53]} Bxf3 {[%emt 0:00:40]} 30. Rc1 {[%emt 0:01:03]} Qe4 {[%emt 0:06:13]} 31. Qc3 {[%emt 0:02:58]} Qg4 {[%emt 0:00:10]} 32. g3 {[%emt 0:01:35]} Kg6 {[%emt 0:05:05]} 33. Re1 {[%emt 0:01:58]} Bd5 {[%emt 0:00:29]} 34. f3 {[%emt 0:06:58]} Qxf3 {[%emt 0:00:53]} 35. Rxe6+ {[%emt 0:00:12]} Kh5 {[%emt 0:00:01]} 36. Qxf3+ {[%emt 0:00:58]} Bxf3 {[%emt 0:00:07]} 37. Kf2 {[%emt 0:00:24]} g4 {[%emt 0:01:42]} 38. h4 {[%emt 0:00:16]} Bc6 {[%emt 0:01:18]} 39. Rf6 {[%emt 0:00:25]} Bd7 {[%emt 0:01:07]} 40. Ke3 {[%emt 0:02:23]} Re8+ {[%emt 0:00:14]} 41. Kf2 {[%emt 0:50:05]} Re6 {[%emt 0:05:46] Ke1} 0-1